000 00619nam a2200205Ia 4500
005 20250923144758.0
008 008 250917s9999 xx 000 0 eng d
037 _aTextual
040 _aDSWL
_beng
_cDSWL
041 _aeng
_2eng
084 _aY112:R415.3.N5, K0
_qDSWL
100 _aWestwood, Gordon
_9828325
245 2 _aA minority, A report on the life of the Male Homosexy in Great Britain
_cby Gordon Westwood
260 _bLongmans
_c1960
300 _axii,216p.
365 _aINR
_b30
925 _g30
942 _cTEXL
_hY112:R415.3.N5, K0
999 _c1443223
_d1443223